À la recherche du bien-être psychique (notice n° 1591768)
[ vue normale ]
| 000 -LEADER | |
|---|---|
| fixed length control field | 01053cam a2200205 4500500 |
| 005 - DATE AND TIME OF LATEST TRANSACTION | |
| control field | 20251228065551.0 |
| 041 ## - LANGUAGE CODE | |
| Language code of text/sound track or separate title | fre |
| 042 ## - AUTHENTICATION CODE | |
| Authentication code | dc |
| 100 10 - MAIN ENTRY--PERSONAL NAME | |
| Personal name | Chobeaux, François |
| Relator term | author |
| 245 00 - TITLE STATEMENT | |
| Title | À la recherche du bien-être psychique |
| 260 ## - PUBLICATION, DISTRIBUTION, ETC. | |
| Date of publication, distribution, etc. | 2019.<br/> |
| 500 ## - GENERAL NOTE | |
| General note | 36 |
| 520 ## - SUMMARY, ETC. | |
| Summary, etc. | Le bien-être psychique devient une injonction culturelle. Mais de quoi s’agit-il ? Un essai iconoclaste de définition passant par les définitions de la santé et par l’identification de ce que devrait être son inverse, le mal-être psychique, aboutit à proposer que la réalisation du bien-être est dépendante à la fois des possibilités d’actions du sujet et de son intégration active dans un corps social. |
| 690 ## - LOCAL SUBJECT ADDED ENTRY--TOPICAL TERM (OCLC, RLIN) | |
| Topical term or geographic name as entry element | agir |
| 690 ## - LOCAL SUBJECT ADDED ENTRY--TOPICAL TERM (OCLC, RLIN) | |
| Topical term or geographic name as entry element | bien-être psychique |
| 690 ## - LOCAL SUBJECT ADDED ENTRY--TOPICAL TERM (OCLC, RLIN) | |
| Topical term or geographic name as entry element | être et avoir |
| 690 ## - LOCAL SUBJECT ADDED ENTRY--TOPICAL TERM (OCLC, RLIN) | |
| Topical term or geographic name as entry element | mal-être psychique |
| 786 0# - DATA SOURCE ENTRY | |
| Note | VST - Vie sociale et traitements | 144 | 4 | 2019-10-15 | p. 74-78 | 0396-8669 |
| 856 41 - ELECTRONIC LOCATION AND ACCESS | |
| Uniform Resource Identifier | <a href="https://shs.cairn.info/revue-vie-sociale-et-traitements-2019-4-page-74?lang=fr&redirect-ssocas=7080">https://shs.cairn.info/revue-vie-sociale-et-traitements-2019-4-page-74?lang=fr&redirect-ssocas=7080</a> |
Pas d'exemplaire disponible.




Réseaux sociaux